Unsafest Countries according to Gay Travel Index - Statistics

General Stats
  • This quiz has been taken 57 times
  • The average score is 16 of 25
Answer Stats
Points Country % Correct
-22 Saudi-Arabia
88%
-22 Iran
87%
-23 Yemen
87%
-22 Afghanistan
85%
-17 Russia
83%
-14 Egypt
81%
-17 Qatar
81%
-16 United Arab Emirates
81%
-15 Iraq
77%
-17 Nigeria
77%
-16 Kuwait
71%
-16 Libya
71%
-14 Morocco
69%
-19 Somalia
69%
-14 Tunisia
62%
-14 Ethiopia
56%
-14 South Sudan
56%
-18 Uganda
52%
-15 Malaysia
44%
-14 Turkmenistan
44%
-14 Brunei
38%
-15 Tanzania
33%
-14 Zimbabwe
31%
-14 Malawi
29%
-15 Cameroon
27%
No matching quizzes found
Score Distribution
Percent of People with Each Score
Percentile by Number Answered
Your Score History
You have not taken this quiz